000 02511cam a2200241 4500500
005 20260111114726.0
041 _afre
042 _adc
100 1 0 _aLamic, Nicolas
_eauthor
245 0 0 _aUne intervention psychosociologique dans le contexte de la Martinique : le rôle clef du dispositif
260 _c2007.
500 _a98
520 _aRésuméCet article cherche à montrer comment toute action de changement dans des entreprises martiniquaises et guadeloupéennes se heurte aux résistances provoquées par les structures et les clivages de nature raciale profondément ancrés dans la culture antillaise, hérités du colonialisme et de l’esclavage, qui conditionnent dans l’entreprise les identités, les rapports hiérarchiques, les modes de division du travail, et les conduites individuelles et collectives. Dans cette situation difficile, le consultant est mis en question dans son identité personnelle et professionnelle. Afin de pouvoir maintenir néanmoins la position de tiers requise par la démarche d’intervention psychosociologique, il doit s’appuyer sur des valeurs et des convictions d’ordre éthique, mais aussi sur de solides bases théoriques (théorie de l’intervention, analyses de la société martiniquaise et de son histoire).
520 _aThis article tries to show how any action of change in Martinique and Guadelupian enterprises collides in resistances provoked by the racial structures and cleavages profoundly anchored in the culture, inherited from colonialism and slavery. They condition within the enterprise the identities, the hierarchical relationships, the modes of division of labour and individual and collective behaviours. In this difficult situation, the consultant is questioned in his personal and professional identity. To be able to maintain nevertheless the position of third party, he should lean on values and convictions of ethical order, but also on robust theoretical bases (theory of the intervention, analyses of the Martiniquian society and its history).
690 _aculture antillaise
690 _aintervention psychosociologique
690 _arelations interethniques
690 _aantillaise culture
690 _ainterethnic relationships
690 _apsychosociological intervention
786 0 _nNouvelle revue de psychosociologie | 3 | 1 | 2007-04-28 | p. 181-194 | 1951-9532
856 4 1 _uhttps://shs.cairn.info/revue-nouvelle-revue-de-psychosociologie-2007-1-page-181?lang=fr&redirect-ssocas=7080
999 _c1633450
_d1633450